000 00423nam a2200181Ia 4500
001 16342
005 20260306170302.0
008 260306t2015||||xx |||||||||||||| ||und||
041 _aESP
082 _a348.411
_bB17
100 _aBaltasar, Basilio
_eAUT
245 0 _aEl derecho de los animales
260 _c2015
300 _a406 páginas :
_c21 cm.
650 _aGEN
654 _aCDE
942 _cLIB
_dJUS
_fJUS
_2ddc
_n
999 _c16342
_d16342